LEADER 00867cam0-2200313---450- 001 990004322970403321 005 20160721151345.0 010 $a2-908212-07-2 035 $a000432297 035 $aFED01000432297 035 $a(Aleph)000432297FED01 035 $a000432297 100 $a19990604d1991----km-y0itay50------ba 101 0 $afre 102 $aFR 105 $a--------001yy 200 1 $aRévoltes de l'esprit$eles revues des années 30$fPierre Andreu$gpréface de Thierry Paquot 210 $a[Paris]$cKime$d1991 215 $a276 p.$d24 cm 610 0 $aPeriodici francesi$a1900-1945 676 $a074$v22$zita 700 1$aAndreu,$bPierre$0172238 702 1$aPaquot,$bThierry 801 0$aIT$bUNINA$gRICA$2UNIMARC 901 $aBK 912 $a990004322970403321 952 $a074 AND 1$bDip.f.m.5804$fFLFBC 959 $aFLFBC 997 $aUNINA LEADER 01301nam 2200409 450 001 9910493654403321 005 20191202210819.0 010 $a3-95948-722-3 035 $a(CKB)4100000009744947 035 $a(MiAaPQ)EBC5971000 035 $a(EXLCZ)994100000009744947 100 $a20191202d2019 uy 0 101 0 $aeng 135 $aurcnu|||||||| 181 $ctxt$2rdacontent 182 $cc$2rdamedia 183 $acr$2rdacarrier 200 04$aThe Arab Spring and Syrian crisis $einternational and regional dimensions /$fEdited by H.-C. Gu?nther 210 1$aNordhausen :$cVerlag Traugott Bautz GmbH,$d[2019] 210 4$d©2019 215 $a1 online resource (159 pages) 225 1 $aEast and West. Philosophy, ethics, politics and human rights ;$vBand 8 311 $a3-95948-438-0 410 0$aEast and West (Nordhausen, Thuringia, Germany) ;$vBand 8. 606 $aArab Spring, 2010- 607 $aSyria$xHistory$yCivil War, 2011- 608 $aElectronic books. 615 0$aArab Spring, 2010- 676 $a909.097492708312 702 $aGu?nther$b Hans Christian 801 0$bMiAaPQ 801 1$bMiAaPQ 801 2$bMiAaPQ 906 $aBOOK 912 $a9910493654403321 996 $aThe Arab Spring and Syrian crisis$92455719 997 $aUNINA LEADER 04579oam 2200541 450 001 9910136422803321 005 20230808191923.0 035 $a(CKB)3710000000610049 035 $a(oapen)https://directory.doabooks.org/handle/20.500.12854/90064 035 $a(EXLCZ)993710000000610049 100 $a20160314h20162016 fu 0 101 0 $aeng 135 $aurmn#---||||| 181 $ctxt$2rdacontent 182 $cc$2rdamedia 183 $acr$2rdacarrier 200 10$aBaffin Island$b[electronic resource] $efield research and High Arctic adventure, 1961-67 /$fJack D. Ives 210 $aCalgary$cUniversity of Calgary Press$d2016 210 1$aCalgary, Alberta :$cUniversity of Calgary Press,$d2016. 210 4$d©2016 215 $a1 online resource (234 pages) $cillustrations, maps; digital, PDF file(s) 225 1 $aNorthern Lights ;$vvolume 18 311 $a1-55238-830-1 320 $aIncludes bibliographical services and index. 327 $aForeword / by the Honourable Peter Adams --Introduction : the context of geographical research in Canada's Arctic in the 1960s --1. Baffin Island: the place and the research --2. Reconnaissance 1961: learning about airborne support --3. Building the team and developing credibility --4. Baffin 1962: ice mining on the Barnes Ice Cap --5. Expanding Baffin research and wider reconnaissance, 1963 --6. Initiatives and growth in Baffin operations, 1963-1964 --7. Glaciology in the Rockies added to Baffin studies, 1965 --8. Summit experiences and east coast research, 1966 --9. Last year of Baffin Island activities by the Geographical Branch, 1966-1967 --10. Career development of members of the field team --11. Assessment of the scientific results. 330 $aA geographer with extensive research experience in the Canadian North, Jack D. Ives has written a lively and informative account of several expeditions to Baffin Island during the "golden age" of federal research. In the 1960s, scientists from the Geographical Branch of Canada's Department of Energy, Mines, and Resources travelled to Baffin to study glacial geomorphology and glaciology. Their fieldwork resulted in vastly increased knowledge of the Far North-from its ice caps and glaciers to its lichens and microfossils. Drawing from the recollections of his Baffin colleagues as well as from his own memories, Ives takes readers on a remarkable adventure, describing the day-to-day experiences of the field teams in the context of both contemporary Arctic research and bureaucratic decision making. Along the way, his narrative illustrates the role played by the Cold War-era Distant Early Warning Line and other northern infrastructure, the crucial importance of his pioneering aerial photography, the unpredictable nature of planes, helicopters, and radios in Arctic regions, and of course, the vast and breathtaking scenery of the North.Baffin Island encompasses both field research and High Arctic adventure. The research trips to Baffin between 1961 and 1967 also served as a vital training ground in polar studies for university students; further, they represented a breakthrough in gender equality in government-sponsored science, thanks to the author's persistence in having women permitted on the teams. The book contains a special section detailing the subsequent professional achievements of the many researchers involved (in addition to the later career moves of Ives himself) and a chapter that delves deeper into the science behind their fieldwork in the North. Readers need not be versed in glaciology, however. Ives has produced a highly readable book that seamlessly combines research and adventure. 410 0$aNorthern Lights ;$vvolume 18. 606 $aGeographers$xTravel$zNunavut$zBaffin Island 606 $aGeographers$zCanada$vBiography 606 $aGeography$xFieldwork$zNunavut$zBaffin Island$xHistory$y20th century 606 $aResearch$xGovernment policy$zCanada$xHistory$y20th century 607 $aArctic regions$xResearch$zCanada$xHistory$y20th century 607 $aBaffin Island (Nunavut)$xHistory$y20th century 610 $aEarth sciences 610 $aEnvironment 610 $aField research 615 0$aGeographers$xTravel 615 0$aGeographers 615 0$aGeography$xFieldwork$xHistory 615 0$aResearch$xGovernment policy$xHistory 676 $a910.92 700 $aIves$b Jack D.$0613342 702 $aIves$b Jack D$4oth 801 2$bUkMaJRU 906 $aBOOK 912 $a9910136422803321 996 $aBaffin Island$91989749 997 $aUNINA